000 01380nam a2200193 a 4500
001 000043332
005 20240305130541.0
008 140310s2004 dr a 000 0 spa d
040 _aDO-SdBNP
_bspa
_cBNPHU
082 _axxxx
_bxxxx
110 2 _aSeminario Permanente de Educación
_d(2003-2004
_cSanto Domingo, República Dominicana)
_970971
245 1 0 _aSeminario permanente de educación : EDUCA /
_cpresentación Juan Tomás Tavares Kelner, Aída Consuelo Hernández Bonnelly.
260 _aSanto Domingo :
_bAcción para la Eduación Básica,
_c2004.
300 _a193 p. :
_bil., ;
_c28 cm.
500 _aIncluye referencias bibliográficas y notas al pie de las páginas.
505 0 _aPressentación --
_tPrivatización de la educación como alternativa eficiente al gasto público en educación en la República Dominicana /
_rJosé Luis de Ramón --
_rRolando Reyes --
_tEducación privada con políticas públicas /
_rIsidoro Santana --
_t¿Es la carrera de educación una opción entre los jóvenes? /
_rFrancisco Polanco Sámchez --
_tLa evaluación de la educación y el uso de la información en sus resultados para mejorar la calidad de la educación /
_rJulio Valeirón --
_tAutonomía y participación: desafíos de la escuela /
_rMarcos Villamán.
700 1 2 _aTavares K., Juan Tomás,
_d1953-
_epres.
_948925
700 1 2 _aHernández Bonnelly, Aída Consuelo,
_epres.
_969166
999 _c42821
_d42821